Countries that hate Turkey - Statistics

General Stats
  • This quiz has been taken 204 times
  • The average score is 10 of 15
Answer Stats
Continent Country % Correct
Europe Greece
92%
North America United States of America
88%
Europe Russia
81%
Asia Armenia
80%
Europe France
77%
South America Brazil
76%
Asia China
73%
Asia Iran
71%
Asia Syria
68%
Europe Germany
64%
Asia Israel
61%
Europe Cyprus
60%
Europe Bulgaria
58%
Asia Saudi Arabia
55%
Europe Netherlands
27%
No matching quizzes found
Score Distribution
Percent of People with Each Score
Percentile by Number Answered
Your Score History
You have not taken this quiz